| 000 | 03042cam a2200433 4500500 | ||
|---|---|---|---|
| 005 | 20260208003608.0 | ||
| 041 | _afre | ||
| 042 | _adc | ||
| 100 | 1 | 0 |
_aBordet, Joëlle _eauthor |
| 245 | 0 | 0 | _aPenser les peurs avec les habitants des quartiers populaires urbains |
| 260 | _c2017. | ||
| 500 | _a35 | ||
| 520 | _aDepuis 2015, la France est confrontée à des attentats et à leurs effets, événements tragiques qui transforment les rapports sociaux et accentuent des tensions déjà là entre les habitants des quartiers populaires dont nombre d’entre eux sont issus de l’immigration et de confession musulmane. Dans cet article, dans une position de « témoin-interprète », l’auteure rend compte de situations significatives de ces évolutions et de ces tensions à la fois sociales, identitaires et politiques à l’œuvre pour les habitants des quartiers populaires urbains. Elle propose et développe un axe de travail auquel contribuent des psychosociologues : la « réassurance collective », processus mis en œuvre avec les habitants – dont les jeunes adultes, les professionnels et les élus locaux –, qui vise dans ce contexte difficile à soutenir des capacités collectives à transformer les situations de rupture et de fragmentation. | ||
| 520 | _aFrom 2015, France faces terrorist attacks and their effects, tragic events which transform social relationships, increasing tensions yet present among poor neighbourhood, inhabited with persons coming from an immigrant background, many of them being of Muslim faith. In this article, being in a position of “witness-interpret”, The author reports on meaningful situations of these evolutions and social, political, identity-related tensions in these neighbourhoods. The author proposes and develops a workstream to which psychosociologists are contributing: “collective reassurance”, process implemented with inhabitants – young adults, professionals, local elected officials… – which aims to support collective abilities to transform situations of breakdown and fragmentations within this difficult background. | ||
| 690 | _aattentats | ||
| 690 | _acommunauté de vie | ||
| 690 | _aétat d’urgence | ||
| 690 | _aissus de l’immigration | ||
| 690 | _ajeunes | ||
| 690 | _akamikaze | ||
| 690 | _amusulmans | ||
| 690 | _apolitique publique | ||
| 690 | _aQuartier populaire urbain | ||
| 690 | _aréassurance collective | ||
| 690 | _astigmatisation | ||
| 690 | _acollective reassurance | ||
| 690 | _acommunities | ||
| 690 | _aimmigrant background | ||
| 690 | _akamikaze | ||
| 690 | _aMuslims | ||
| 690 | _aPoor neighbourhood | ||
| 690 | _apublic policy | ||
| 690 | _astate of emergency | ||
| 690 | _astigmatization | ||
| 690 | _aterrorist attacks | ||
| 690 | _ayoungs | ||
| 786 | 0 | _nNouvelle revue de psychosociologie | 24 | 2 | 2017-11-20 | p. 187-203 | 1951-9532 | |
| 856 | 4 | 1 | _uhttps://shs.cairn.info/revue-nouvelle-revue-de-psychosociologie-2017-2-page-187?lang=fr&redirect-ssocas=7080 |
| 999 |
_c1648422 _d1648422 |
||